export_success — 

100 wonders of the world.

Bibliographic Details
Main Author: Hoffman, Michael
Other Authors: Krings, Alexander
Format: Book
Published: Bath, UK: Parragon, 2011.
Subjects:
LEADER 00507cam a2200181 7i4500
001 0000032373
005 20150414090000.0
020 0 0 |a 9781445437873  
090 0 0 |a B 031.02   |b HOF (LRM) 
100 1 0 |a Hoffman, Michael  
245 1 0 |a 100 wonders of the world. 
260 0 0 |a Bath, UK:   |b Parragon,   |c 2011. 
300 # # |a 240 pages. 
650 0 0 |a Historic buildings  
650 0 0 |a Historic sites  
650 0 0 |a Curiosities and wonders  
700 1 0 |a Krings, Alexander  
999 |a 0000035974  |b Book  |c Book  |e Business Information Centre